000 00323nam a2200145Ia 4500
100 _aFeigenbaum/ A.V.
942 _cBK
654 _aTotal quality control
245 _aTotal Quality Control
260 _bMc Graw Hill
_aSingapore
_c1993
082 _a620.0045
_bPAN
300 _a228
546 _aENGLISH
999 _c31482
_d31482